Handbook of Local Anesthesia (Record no. 15603)
[ view plain ]
| 000 -LEADER | |
|---|---|
| fixed length control field | 00342nam a22001457a 4500 |
| 003 - CONTROL NUMBER IDENTIFIER | |
| control field | SGT |
| 020 ## - INTERNATIONAL STANDARD BOOK NUMBER | |
| International Standard Book Number | 9788131233429 |
| 082 ## - DEWEY DECIMAL CLASSIFICATION NUMBER | |
| Classification number | 617.66 |
| Item number | H18M |
| 100 ## - MAIN ENTRY--PERSONAL NAME | |
| Personal name | Malamed, F. |
| 245 ## - TITLE STATEMENT | |
| Title | Handbook of Local Anesthesia |
| 260 ## - PUBLICATION, DISTRIBUTION, ETC. (IMPRINT) | |
| Place of publication, distribution, etc | NEW DELHI |
| Name of publisher, distributor, etc | Elsevier India |
| Year of Publication | 2018 |
| 300 ## - PAGE DESCRIPTION | |
| No. of Pages | 405 |
| 650 ## - SUBJECT ADDED ENTRY--TOPICAL TERM | |
| Topical term or geographic name as entry element | Anesthesia, Oral Surgery |
| 942 ## - ADDED ENTRY ELEMENTS (KOHA) | |
| Source of classification or shelving scheme | Dewey Decimal Classification |
| Koha item type | Books |
| 942 ## - ADDED ENTRY ELEMENTS (KOHA) | |
| -- | 194 |
| Withdrawn status | Lost status | Source of classification or shelving scheme | Damaged status | Not for loan | Home library | Current library | Shelving location | Date acquired | Vendor Name | Cost, normal purchase price | SGTU | Bill Number | Total Checkouts | Full call number | Accession No. (Barcode) | Date last seen | Date last borrowed | Bill Date | Koha item type | Total Renewals |
|---|---|---|---|---|---|---|---|---|---|---|---|---|---|---|---|---|---|---|---|---|
| Dewey Decimal Classification | SGT Dental Library | SGT Dental Library | Text Book | 16/06/2018 | ABC | 1195.00 | SGTU | 9730 | 34 | 617.66 H18M | FD7866 | 02/11/2022 | 02/11/2022 | 15/05/2018 | Books | |||||
| Dewey Decimal Classification | SGT Dental Library | SGT Dental Library | Text Book | 16/06/2018 | ABC | 1195.00 | SGTU | 9730 | 102 | 617.66 H18M | FD7867 | 22/10/2025 | 01/10/2025 | 15/05/2018 | Books | 1 | ||||
| Dewey Decimal Classification | SGT Dental Library | SGT Dental Library | Text Book | 16/06/2018 | ABC | 1195.00 | SGTU | 9730 | 76 | 617.66 H18M | FD7868 | 27/10/2025 | 10/10/2025 | 15/05/2018 | Books | |||||
| Dewey Decimal Classification | SGT Dental Library | SGT Dental Library | Text Book | 16/06/2018 | ABC | 1195.00 | SGTU | 9730 | 26 | 617.66 H18M | FD7869 | 18/03/2023 | 10/03/2023 | 15/05/2018 | Books | |||||
| Dewey Decimal Classification | SGT Dental Library | SGT Dental Library | Text Book | 16/06/2018 | ABC | 1195.00 | SGTU | 9730 | 66 | 617.66 H18M | FD7870 | 28/09/2024 | 23/09/2024 | 15/05/2018 | Books |